Algebra
Αποθηκεύτηκε σε:
| Κύριος συγγραφέας: | |
|---|---|
| Μορφή: | Βιβλίο |
| Γλώσσα: | English |
| Δημοσίευση: |
New York :
Springer-Verlag,
1989
|
| Σειρά: | Graduate texts in mathematics ;
; 73 |
| Θέματα: | |
| Ετικέτες: |
Προσθήκη ετικέτας
Δεν υπάρχουν, Καταχωρήστε ετικέτα πρώτοι!
|
MARC
| LEADER | 00000nam a2200000 i 4500 | ||
|---|---|---|---|
| 001 | 1/30673 | ||
| 008 | 941103s1989 eng d | ||
| 020 | |a 3-540-90518-9 | ||
| 020 | |a 0-387-90518-9 | ||
| 035 | |a 1991 |c ΑΝΟΥΣΗΣ |l 10038629 | ||
| 035 | |a 1993 | ||
| 040 | |a GR-MY-UA |b gre |e aacr | ||
| 041 | 0 | |a eng | |
| 082 | 0 | |a 512 | |
| 100 | 1 | |a Hungerford, Thomas W. | |
| 245 | 1 | 0 | |a Algebra / |c Thomas W. Hungerford |
| 260 | |a New York : |b Springer-Verlag, |c 1989 | ||
| 300 | |a 502 p.; |c 24 cm. | ||
| 490 | 1 | |a Graduate texts in mathematics |v ; 73 | |
| 500 | |a Includes bibliographical references and index | ||
| 650 | 0 | 0 | |a Algebra. |
| 830 | 0 | |a Graduate texts in mathematics ; |v ; 73 | |
| 852 | |a INST |b SAMOS |e 19941103 |h 512 HUN |p 005300003515 |q 005300003515 |t BK |y 4 |x 20200214 | ||
| 852 | |a INST |b SAMOS |e 19941103 |h 512 HUN |p 005300010220 |q 005300010220 |t BK |y 0 | ||
| 909 | |a Σ |b 021039 | ||
| 909 | |a Σ |b 029754 | ||